Normal view
MARC view
Entry Personal Name
001 - CONTROL NUMBER
- control field: 1236480
003 - CONTROL NUMBER IDENTIFIER
- control field: OSt
005 - DATE AND TIME OF LATEST TRANSACTION
- control field: 20260430150115.0
008 - FIXED-LENGTH DATA ELEMENTS
- fixed length control field: 260430|| aca||aabn | a|a d
040 ## - CATALOGING SOURCE
- Original cataloging agency: OSt
- Transcribing agency: OSt
100 ## - HEADING--PERSONAL NAME
- Personal name: Kaushik Bhawna Au.; Rawat Deepti Gu
670 ## - SOURCE DATA FOUND
- Source citation: Work cat.: (OSt)1848962: Kaushik Bhawna Au.; Rawat Deepti Gu., Design and Fabrication of Visible Light Responsive Zinc based magnetic photocatalysts of Effective Heteroarylation, Nitrobenzene Reduction and Degradation of Organic Pollutants, 2022
